000 00741nam a2200289Ia 4500
005 20260324122138.0
008 008 260324s9999 xx 000 0 eng d
020 _a9780203771297
037 _aEBOOK
040 _aCRL
040 _beng
040 _cCRL
041 _2eng
041 _aeng
084 _qCRL
100 _aJohn Milios; Spyros Lapatsioras; Dimitris Sotiropoulos
_91165290
245 2 _aA Political Economy of Contemporary Capitalism and its Crisis
245 0 _bDemystifying Finance
260 _bTaylor and Francis
260 _c2013
365 _a
365 _b265
856 _uhttp://www.taylorfrancis.com/books/9780203771297
942 _cEBOOK
999 _c1757817
_d1757817